| 000 | 00381nam a2200133Ia 4500 | ||
|---|---|---|---|
| 008 | 230907s9999||||xx |||||||||||||| ||und|| | ||
| 082 |
_a338.951 _bMIN |
||
| 100 |
_aMin, Zhu. _988744 |
||
| 245 | 4 | _aThe Chinese Economy Emerging on the Global Horizon / | |
| 260 |
_aForeign Languages Press, _bBeijing : _c2018 |
||
| 300 | _a414 p. | ||
| 650 |
_aChinese Studies _9116231 |
||
| 942 | _cBK | ||
| 999 |
_c601647 _d601647 |
||